Gaming Quiz

Random Gaming or Board Games Quiz

Monopoly Spaces You Can't Buy Quiz Stats

 Plays Quiz Updated Jan 13, 2012

Challenge
Share
Tweet
Embed
Score 0/8 Timer 02:00
11 Plays Today
% Correct
Go
97.6%
Just Visiting/Jail
96.9%
Chance
88.1%
Free Parking
84.6%
Community Chest
84.4%
Go to Jail
74.2%
Luxury Tax /(Super Tax)
62.8%
Income Tax
58.7%

You're not logged in!

Compare scores with friends on all Sporcle quizzes.
Join for Free
OR
Log In

You Might Also Like...

Show Comments

Extras

Top Quizzes Today


Score Distribution

Your Account Isn't Verified!

In order to create a playlist on Sporcle, you need to verify the email address you used during registration. Go to your Sporcle Settings to finish the process.

Report this User

Report this user for behavior that violates our Community Guidelines.

Details: